<?xml version="1.0" encoding="UTF-8"?>
<collection xmlns="http://www.loc.gov/MARC21/slim">
 <record>
  <leader>02753nam a22004214a 4500</leader>
  <controlfield tag="001">1/49440</controlfield>
  <controlfield tag="008">200728s2020    gr a     b    001 0 gre  </controlfield>
  <datafield tag="020" ind1=" " ind2=" ">
   <subfield code="a">9789925575480</subfield>
  </datafield>
  <datafield tag="035" ind1=" " ind2=" ">
   <subfield code="l">52447</subfield>
  </datafield>
  <datafield tag="040" ind1=" " ind2=" ">
   <subfield code="a">GR-PeUP</subfield>
  </datafield>
  <datafield tag="082" ind1="0" ind2="0">
   <subfield code="a">658.5 HEI ΜΤΦ</subfield>
  </datafield>
  <datafield tag="100" ind1="1" ind2=" ">
   <subfield code="a">Heizer, Jay.</subfield>
  </datafield>
  <datafield tag="245" ind1="1" ind2="0">
   <subfield code="a">Διοίκηση λειτουργιών :</subfield>
   <subfield code="b">βιωσιμότητα και διαχείριση εφοδιαστικής αλυσίδας /</subfield>
   <subfield code="c">Jay Heizer, Barry Render, Chuck Munson ;γενική επιμέλεια έκδοσης Γεώργιος Δ. Τσιότρας ;επιμέρους επιμέλεια ενοτήτων Βασιλική Κ. Καζαντζή, Παράσχος Θ. Μανιάτης, Γεώργιος Ε. Πρινιωτάκης, Δημήτρης Κ. Φωλίνας ;μετάφραση Υπατία Θεοδωρακιόγλου, Ευτυχία Κεσσοπούλου, Στέλλα Ξανθοπούλου.</subfield>
  </datafield>
  <datafield tag="260" ind1=" " ind2=" ">
   <subfield code="a">Nicosia, Cyprus :</subfield>
   <subfield code="b">Broken Hill,</subfield>
   <subfield code="c">2020.</subfield>
  </datafield>
  <datafield tag="300" ind1=" " ind2=" ">
   <subfield code="a">924 σ. :</subfield>
   <subfield code="b">εικ. ;</subfield>
   <subfield code="c">30 εκ.</subfield>
  </datafield>
  <datafield tag="500" ind1=" " ind2=" ">
   <subfield code="a">Τίτλος πρωτοτύπου: Operations management: sustainability and supply chain management, 12th edition.</subfield>
  </datafield>
  <datafield tag="504" ind1=" " ind2=" ">
   <subfield code="a">Περιέχει βιβλιογραφία και ευρετήριο.</subfield>
  </datafield>
  <datafield tag="650" ind1=" " ind2="0">
   <subfield code="a">Production management.</subfield>
  </datafield>
  <datafield tag="650" ind1=" " ind2="4">
   <subfield code="a">Παραγωγή</subfield>
   <subfield code="x">Διοίκηση και οργάνωση.</subfield>
  </datafield>
  <datafield tag="650" ind1=" " ind2="4">
   <subfield code="a">Εφοδιαστική.</subfield>
  </datafield>
  <datafield tag="700" ind1="1" ind2=" ">
   <subfield code="a">Render, Barry.</subfield>
  </datafield>
  <datafield tag="700" ind1="1" ind2=" ">
   <subfield code="a">Munson, Chuck.</subfield>
  </datafield>
  <datafield tag="700" ind1="1" ind2=" ">
   <subfield code="a">Τσιότρας, Γεώργιος Δ.</subfield>
  </datafield>
  <datafield tag="700" ind1="1" ind2=" ">
   <subfield code="a">Καζαντζή, Βασιλική Κ.</subfield>
  </datafield>
  <datafield tag="700" ind1="1" ind2=" ">
   <subfield code="d">Μανιάτης, Παράσχος.</subfield>
  </datafield>
  <datafield tag="700" ind1="1" ind2=" ">
   <subfield code="a">Πρινιωτάκης, γεώργιος.</subfield>
  </datafield>
  <datafield tag="700" ind1="1" ind2=" ">
   <subfield code="a">Φωλίνας, Δημήτρης.</subfield>
  </datafield>
  <datafield tag="700" ind1="1" ind2=" ">
   <subfield code="a">θεοδωρακιόγλου, Υπατία.</subfield>
  </datafield>
  <datafield tag="700" ind1="1" ind2=" ">
   <subfield code="a">Κεσσοπούλου, Ευτυχία.</subfield>
  </datafield>
  <datafield tag="700" ind1="1" ind2=" ">
   <subfield code="a">Ξανθοπούλου, Στέλλα.</subfield>
  </datafield>
  <datafield tag="852" ind1=" " ind2=" ">
   <subfield code="a">INST</subfield>
   <subfield code="b">UNIPILB</subfield>
   <subfield code="c">MAIN</subfield>
   <subfield code="e">20200728</subfield>
   <subfield code="h">658.5 HEI ΜΤΦ</subfield>
   <subfield code="p">00183548</subfield>
   <subfield code="q">00183548</subfield>
   <subfield code="t">LOAN</subfield>
   <subfield code="y">0</subfield>
   <subfield code="4">1</subfield>
  </datafield>
  <datafield tag="852" ind1=" " ind2=" ">
   <subfield code="a">INST</subfield>
   <subfield code="b">UNIPILB</subfield>
   <subfield code="c">MAIN</subfield>
   <subfield code="e">20200728</subfield>
   <subfield code="h">658.5 HEI ΜΤΦ</subfield>
   <subfield code="p">00183549</subfield>
   <subfield code="q">00183549</subfield>
   <subfield code="t">LOAN</subfield>
   <subfield code="y">4</subfield>
   <subfield code="x">20230218</subfield>
   <subfield code="4">2</subfield>
  </datafield>
  <datafield tag="852" ind1=" " ind2=" ">
   <subfield code="a">INST</subfield>
   <subfield code="b">UNIPILB</subfield>
   <subfield code="c">MAIN</subfield>
   <subfield code="e">20200728</subfield>
   <subfield code="h">658.5 HEI ΜΤΦ</subfield>
   <subfield code="p">00183550</subfield>
   <subfield code="q">00183550</subfield>
   <subfield code="t">LOAN</subfield>
   <subfield code="y">4</subfield>
   <subfield code="x">20220209</subfield>
   <subfield code="4">3</subfield>
  </datafield>
  <datafield tag="852" ind1=" " ind2=" ">
   <subfield code="a">INST</subfield>
   <subfield code="b">UNIPILB</subfield>
   <subfield code="c">MAIN</subfield>
   <subfield code="e">20210406</subfield>
   <subfield code="h">658.5 HEI ΜΤΦ</subfield>
   <subfield code="p">00184943</subfield>
   <subfield code="q">00184943</subfield>
   <subfield code="t">LOAN</subfield>
   <subfield code="y">0</subfield>
   <subfield code="4">4</subfield>
  </datafield>
  <datafield tag="852" ind1=" " ind2=" ">
   <subfield code="a">INST</subfield>
   <subfield code="b">UNIPILB</subfield>
   <subfield code="c">MAIN</subfield>
   <subfield code="e">20210406</subfield>
   <subfield code="h">658.5 HEI ΜΤΦ</subfield>
   <subfield code="p">00184944</subfield>
   <subfield code="q">00184944</subfield>
   <subfield code="t">LOAN</subfield>
   <subfield code="y">0</subfield>
   <subfield code="4">5</subfield>
  </datafield>
  <datafield tag="852" ind1=" " ind2=" ">
   <subfield code="a">INST</subfield>
   <subfield code="b">UNIPILB</subfield>
   <subfield code="c">MAIN</subfield>
   <subfield code="e">20210406</subfield>
   <subfield code="h">658.5 HEI ΜΤΦ</subfield>
   <subfield code="p">00184945</subfield>
   <subfield code="q">00184945</subfield>
   <subfield code="t">LOAN</subfield>
   <subfield code="y">0</subfield>
   <subfield code="4">6</subfield>
  </datafield>
  <datafield tag="852" ind1=" " ind2=" ">
   <subfield code="a">INST</subfield>
   <subfield code="b">UNIPILB</subfield>
   <subfield code="c">MAIN</subfield>
   <subfield code="e">20210406</subfield>
   <subfield code="h">658.5 HEI ΜΤΦ</subfield>
   <subfield code="p">00184946</subfield>
   <subfield code="q">00184946</subfield>
   <subfield code="t">LOAN</subfield>
   <subfield code="y">0</subfield>
   <subfield code="4">7</subfield>
  </datafield>
  <datafield tag="852" ind1=" " ind2=" ">
   <subfield code="a">INST</subfield>
   <subfield code="b">UNIPILB</subfield>
   <subfield code="c">MAIN</subfield>
   <subfield code="e">20210406</subfield>
   <subfield code="h">658.5 HEI ΜΤΦ</subfield>
   <subfield code="p">00184947</subfield>
   <subfield code="q">00184947</subfield>
   <subfield code="t">LOAN</subfield>
   <subfield code="y">4</subfield>
   <subfield code="x">20230218</subfield>
   <subfield code="4">8</subfield>
  </datafield>
 </record>
</collection>
